000 01008nam a2200265Ia 4500
003 OSt
005 20221005104906.0
006 a|||||r|||| 00| 0
007 ta
008 221004b |||||||| |||| 00| 0 san d
020 _a9788185394619 (hbk)
_c750
024 _a13748
037 _b379, 15/03/2014, Eastern Book Linkers
_cTextual
040 _aCRL
_cCRL
_bsan
041 _2san
_asan
082 _aO15,2D703:g, 152Q3
100 _aराणा, लक्ष्मी
245 0 _aउत्तररामचरितम् एवं कुन्दमाला नाटक
246 _aUttararāmacharitam evan kundamālā nāṭaka
260 _aदिल्ली
_bसरिता बुक हाउस भारत
_c2013
300 _a380पृ0
_ccm.
650 _aसंस्कृत साहित्य
942 _hO15,2D703:g, 152Q3
_cTEXL
_2cc
999 _c1014092
_d1014092